000
00236 a2200097 4500
001
48323
100
_a
Tanzel-ul-Rehman
245
_a
Majmogha Qawaneen Islam
260
_a
Karachi
_b
Markzi Idra Tahkekat Islami
_c
090
_c
31272
_d
31272
942
_a
NUST-CAE
_c
M
_c
23639
999
_c
283396
_d
283396